| 000 | 00556nam a22001817a 4500 | ||
|---|---|---|---|
| 999 |
_c208145 _d208145 |
||
| 003 | UPN | ||
| 005 | 20220608063510.0 | ||
| 008 | 210902b ||||| |||| 00| 0 spa d | ||
| 040 |
_aUPN _bspa _cUPN |
||
| 050 | 4 | _aPS5689 | |
| 100 | 1 |
_928955 _aChristie, Agatha, _d1890-1976 |
|
| 245 | 1 | 0 |
_aSrta. Marple y 13 problemas / _cAgatha Christie ; tr. C. Peraire del Molino. |
| 260 |
_aEspaña : _bMolino, _c1960. |
||
| 300 | _a235 p. | ||
| 490 | _v164 | ||
| 650 | 0 |
_aCuentos policíacos y de misterio _92405 |
|
| 942 |
_2lcc _cLIBRO |
||